banner-ar

صعوبات التعلم النمائية / (Record no. 67166)

MARC details
000 -الفاتح
حقل البيانات ثابتة الطول 00858nam a22002537a 4500
005 - وقت وتاريخ اخر تعامل مع التسجيلة
رقم الضبط 20240530111000.0
008 - عناصر البيانات ثابتة الطول - معلومات عامة
حقل البيانات ثابتة الطول 150520s2008 ua g b 000 0 ara d
020 ## - الرقم الدولى المعيارى للكتب
الرقم الدولى المعيارى للكتاب 9772326159
040 ## - مصدر الفهرسة
وكالة الفهرسة الأصلية EG-CaGPL
082 04 - رقم تصنيف ديوى العشرى
رقم الطبعة 21
رقم التصنيف 370.7 /
رقم المادة ا ص
100 0# - المدخل الرئيسى - إسم شخصى
الإسم الشخصى السيد عبدالحميد سليمان السيد
245 10 - بيان العنوان
العنوان صعوبات التعلم النمائية /
بيان المسئوليه,etc تاليف السيد عبدالحميد سليمان السيد
250 ## - بيان الطبعة
بيان الطبعة ط1
260 ## - PUBLICATION, DISTRIBUTION, ETC. (IMPRINT)
تاريخ النشر أو التوزيع 2008 .
300 ## - الوصف المادى
التعداد 424 ص ؛
أبعاد الوعاء 24 سم .
650 04 - المدخل الاضافى بالموضوع-مصطلح موضوعى
مصطلح موضوعي صعوبات التعلم
650 04 - المدخل الاضافى بالموضوع-مصطلح موضوعى
مصطلح موضوعي الادراك الحسى
650 04 - المدخل الاضافى بالموضوع-مصطلح موضوعى
مصطلح موضوعي التفكير
650 04 - المدخل الاضافى بالموضوع-مصطلح موضوعى
مصطلح موضوعي القراءة
650 04 - المدخل الاضافى بالموضوع-مصطلح موضوعى
مصطلح موضوعي الكتابة
650 04 - المدخل الاضافى بالموضوع-مصطلح موضوعى
مصطلح موضوعي القراءة
التقسيم الفرعي العام صعوبات التعلم
942 ## - عناصر المدخل الإضافي( كوها)
مصدر التصنيف او مخطط الترفيف Dewey Decimal Classification
Koha [default] item type كتاب
260 ## - PUBLICATION, DISTRIBUTION, ETC. (IMPRINT)
-- القاهرة :
-- عالم الكتب،
Holdings
حالة التراجع حالة الفقد حالة تلف ليس للاعارة المكان المؤقت الموقع الحالى موقع الترفيف تاريخ الاكتساب اجمالي اﻻعارات رقم الطلب الباركود تاريخ اخر مشاهدة تاريخ تفعيل السعر نوع وعاء كوها
        مكتبة القاهرة الكبرى مكتبة القاهرة الكبرى ق الرئيسية_العلوم الاجتماعية_ك عربى 02/13/2023   370.7 / ا ص 169218 02/13/2023 02/13/2023 كتاب

Powered By

EGPV